000 00864nam a2200133Ia 4500
008 220104s9999 xx 000 0 und d
100 _aNjoku Obioma U
245 0 _aAlkyd resin from rubber seed oil
520 _aRubber seed is reported to contain about 42;oil, which is semi-drying type oil. Rubber seed oil used in the present study was prepared by extracting the seed with petroleum ether. Two types of modified alkyds were prepared from the refined rubber seed oil and these were used for the production of white gloss paint. The viscosity values of the paints were comparable but the drying characteristics were different. The level of unsaturated fatty acids such as linolenic and linoleic acids is found to be the deciding factor, which helps drying.
650 _aAlkyd resins
650 _aRubber seed oil
700 _aOnonogbu Ikpendu C
942 _cBE
999 _c47386
_d47386